000
00290 a2200145 4500
001
64286
040
_c
Anchieta - Pituba
100
_a
Rincón, Eduardo
240
1
0
_a
Franz Schubert
_l
por
245
1
0
_a
Franz Schubert
300
_a
52
362
0
_a
2005
650
4
_a
Música
942
_c
BK
999
_c
64286
_d
64286